LIBRARY & INFORMATION CENTRE, KCAET, TAVANUR

ONLINE PUBLIC ACCESS CATALOGUE (OPAC)

McGraw Hill Year Book of Science and Technology / (Record no. 8535)

MARC details
000 -LEADER
fixed length control field 00327cam a2200121ua 4500
020 ## - INTERNATIONAL STANDARD BOOK NUMBER
ISBN 0-07-045492-2
082 ## - DEWEY DECIMAL CLASSIFICATION NUMBER
Classification number 503
Item number PAR/MC
100 ## - MAIN ENTRY--AUTHOR NAME
Personal name Parker, Sybil P .
245 00 - TITLE STATEMENT
Title McGraw Hill Year Book of Science and Technology /
260 ## - PUBLICATION, DISTRIBUTION, ETC. (IMPRINT)
Place of publication New York :
Name of publisher McGraw Hill Book Company ,
Year of publication 1984.
300 ## - PHYSICAL DESCRIPTION
Number of Pages 507 ; .
942 ## - ADDED ENTRY ELEMENTS (KOHA)
Koha item type Reference
Holdings
Withdrawn status Lost status Damaged status Collection code Home library Current library Shelving location Date acquired Full call number Accession Number Koha item type
      Reference KAUAET KAUAET Reference 25/03/1987 503.PAR/MC 16077 Reference
        KAUAET KAUAET   27/03/1987 503.PAR/MC 16262 Books
free website counter